01151nam a2200277Ia 4500001001000000003000500010008004100015010001100056040000900067090002100076100003600097245021900133260003400352300002200386502010500408700004400513710005800557901002100615902000600636905006300642910000900705942000900714942001200723999001900735952011900754Para_9994CHAP220125sMayo xx 000 0 und d a208623 cCHAP aPA CD - TESIS 75 aRojo Montes, Juan Carlos999403 aManejo biológico de la marchitez (Fusarium oxysporum f.sp lycopersicí) del tomate (Solanum lycopersicum Mill.), Bajo invernadero en Chapingo, México /c Juan Carlos Rojo Montes; Director Marcelo Acosta Ramos aChapingo, Méx. :b el autor a1 CDS ROM (31 p.) aTesis (Ing. Agr. Esp. en Parasitología Agrícola). UACh. Departamento Parasitología Agrícola aAcosta Ramos, Marcelo. Director9175056 aUACh. Departamento Parasitología Agrícola9164025 aPA CD - TESIS 75 aM a513220Mayo, 2011 mN 8100000000 06 aMayo cPARA cPARAd2 c208623d208623 00102local4051708TESISaPAbPAc10d2014-11-12fPARAl0pPA_010142r2022-01-25 00:00:00t1w2022-01-25yTDz3